| 000 | 00973nam a22002777a 4500 | ||
|---|---|---|---|
| 001 | 4805 | ||
| 003 | FISKH | ||
| 005 | 20251126120221.0 | ||
| 008 | 241014b cb ||||| |||| 00| 0 eng d | ||
| 020 | _a9780395185575 | ||
| 040 |
_aFISKH _beng _cFISKH _dFISKH |
||
| 050 | _aPZ7.H488 | ||
| 082 | _a813 | ||
| 100 | _aHeyward, Du Bose | ||
| 245 |
_aThe Country Bunny and the Little Gold Shoes / _cBy Du Rose Heyward : picture by Marjorie Flack |
||
| 260 |
_aBoston : _bHoughton Mifflin Company ; _c1939 . |
||
| 300 |
_a46 unnumbered pages : _bcolor illustrations ; _c26 cm . |
||
| 505 | _aK | ||
| 520 | _aTo the surprise of many, the little country cottontail becomes one of the special Easter bunnies even though she has twenty-one children of her very own. | ||
| 521 | 8 |
_a510
_bLexile estimate |
|
| 521 | 8 |
_aK
_bRaz-plus |
|
| 650 |
_abunnies _vchildren's literature |
||
| 700 |
_aFlack ,Marjorie _eartust |
||
| 942 |
_2ddc _cBK _n0 |
||
| 999 |
_c4805 _d4805 |
||